<?xml version="1.0" encoding="UTF-8"?>
<record
    xmlns:xsi="http://www.w3.org/2001/XMLSchema-instance"
    xsi:schemaLocation="http://www.loc.gov/MARC21/slim http://www.loc.gov/standards/marcxml/schema/MARC21slim.xsd"
    xmlns="http://www.loc.gov/MARC21/slim">

  <leader>01892nam a22002177a 4500</leader>
  <controlfield tag="005">20251203105952.0</controlfield>
  <controlfield tag="008">251203b        |||||||| |||| 00| 0 eng d</controlfield>
  <datafield tag="020" ind1=" " ind2=" ">
    <subfield code="a">9789352869176</subfield>
  </datafield>
  <datafield tag="040" ind1=" " ind2=" ">
    <subfield code="c">AL</subfield>
  </datafield>
  <datafield tag="041" ind1=" " ind2=" ">
    <subfield code="a">English</subfield>
  </datafield>
  <datafield tag="082" ind1=" " ind2=" ">
    <subfield code="a">005.133</subfield>
    <subfield code="b">SUMP</subfield>
  </datafield>
  <datafield tag="100" ind1=" " ind2=" ">
    <subfield code="a">Mark Summerfield</subfield>
    <subfield code="9">247360</subfield>
  </datafield>
  <datafield tag="245" ind1=" " ind2=" ">
    <subfield code="a">Programming in Python 3</subfield>
    <subfield code="b">: A complete introduction to the python language</subfield>
  </datafield>
  <datafield tag="250" ind1=" " ind2=" ">
    <subfield code="a">2</subfield>
  </datafield>
  <datafield tag="260" ind1=" " ind2=" ">
    <subfield code="a">Uttar Pradesh</subfield>
    <subfield code="b">Pearson India education services Pvt Ltd</subfield>
    <subfield code="c">2025</subfield>
  </datafield>
  <datafield tag="300" ind1=" " ind2=" ">
    <subfield code="a">630 p.</subfield>
    <subfield code="b">PB</subfield>
    <subfield code="c">24x17 cm.</subfield>
  </datafield>
  <datafield tag="365" ind1=" " ind2=" ">
    <subfield code="a">ABDI/0821/25</subfield>
    <subfield code="b">&#x20B9;667.5</subfield>
    <subfield code="c">&#x20B9;</subfield>
    <subfield code="d">&#x20B9;890.00</subfield>
    <subfield code="e">25%</subfield>
    <subfield code="f">13-11-2025</subfield>
  </datafield>
  <datafield tag="520" ind1=" " ind2=" ">
    <subfield code="a">A Fully Revised Edition Featuring New Material on Coroutines,Debugging,Testing,Parsing,String Formatting,and More Python 3 is the best version of the language yet: It is more powerful,convenient,consistent,and expressive than ever before. Now,leading Python programmer Mark Summerfield demonstrates how to write code that takes full advantage of Python 3's features and idioms. Programming in Python 3,Second Edition,brings together all the knowledge you need to write any program,use any standard or third-party Python 3 library,and create New library modules of your own.Summerfield draws on his many years of Python experience to share deep insights into Python 3 development you won't find anywhere else.</subfield>
    <subfield code="b">Chapter 1: Rapid Introduction to Procedural Programming Chapter 2: Data Types Chapter 3: Collection Data Types Chapter 4: Control Structures and Functions Chapter 5: Modules Chapter 6: Object-Oriented Programming Chapter 7: File Handling Chapter 8: Advanced Programming Techniques Chapter 9: Debugging, Testing, and Profiling Chapter 10: Processes and Threading Chapter 11: Networking Chapter 12: Database Programming Chapter 13: Regular Expressions Chapter 14: Introduction to Parsing Chapter 15: Introduction to GUI Programming</subfield>
  </datafield>
  <datafield tag="650" ind1=" " ind2=" ">
    <subfield code="a">python 3</subfield>
    <subfield code="9">247361</subfield>
  </datafield>
  <datafield tag="942" ind1=" " ind2=" ">
    <subfield code="2">ddc</subfield>
    <subfield code="c">BK</subfield>
  </datafield>
  <datafield tag="999" ind1=" " ind2=" ">
    <subfield code="c">240705</subfield>
    <subfield code="d">240705</subfield>
  </datafield>
  <datafield tag="952" ind1=" " ind2=" ">
    <subfield code="0">0</subfield>
    <subfield code="1">0</subfield>
    <subfield code="2">ddc</subfield>
    <subfield code="4">0</subfield>
    <subfield code="7">0</subfield>
    <subfield code="8">ISE</subfield>
    <subfield code="a">SE</subfield>
    <subfield code="b">SE</subfield>
    <subfield code="d">2025-11-13</subfield>
    <subfield code="e">Academic Book Distributors</subfield>
    <subfield code="g">667.50</subfield>
    <subfield code="l">0</subfield>
    <subfield code="o">005.133 SUMP</subfield>
    <subfield code="p">SE000172</subfield>
    <subfield code="r">2025-12-03 11:01:25</subfield>
    <subfield code="v">890.00</subfield>
    <subfield code="w">2025-11-13</subfield>
    <subfield code="y">BK</subfield>
  </datafield>
  <datafield tag="952" ind1=" " ind2=" ">
    <subfield code="0">0</subfield>
    <subfield code="1">0</subfield>
    <subfield code="2">ddc</subfield>
    <subfield code="4">0</subfield>
    <subfield code="7">0</subfield>
    <subfield code="8">ISE</subfield>
    <subfield code="a">SE</subfield>
    <subfield code="b">SE</subfield>
    <subfield code="d">2025-11-13</subfield>
    <subfield code="e">Academic Book Distributors</subfield>
    <subfield code="g">667.50</subfield>
    <subfield code="l">0</subfield>
    <subfield code="o">005.133 SUMP</subfield>
    <subfield code="p">SE000173</subfield>
    <subfield code="r">2025-12-03 11:01:25</subfield>
    <subfield code="v">890.00</subfield>
    <subfield code="w">2025-11-13</subfield>
    <subfield code="y">BK</subfield>
  </datafield>
</record>
